Defective construction work (Record no. 103759)
[ view plain ]
| 000 -LEADER | |
|---|---|
| fixed length control field | 02316cam a2200205 4500 |
| 001 - CONTROL NUMBER | |
| control field | L127365 |
| 008 - FIXED-LENGTH DATA ELEMENTS--GENERAL INFORMATION | |
| fixed length control field | 040914n2009 000 0 eng u |
| 020 ## - INTERNATIONAL STANDARD BOOK NUMBER | |
| International Standard Book Number | 9781444302370 |
| 035 ## - SYSTEM CONTROL NUMBER | |
| System control number | (Sirsi) u127365 |
| 100 ## - MAIN ENTRY--PERSONAL NAME | |
| Personal name | Barrett, Keith |
| 245 ## - TITLE STATEMENT | |
| Title | Defective construction work |
| Remainder of title | and the project team |
| Medium | [electronic resource] |
| 260 ## - PUBLICATION, DISTRIBUTION, ETC. | |
| Place of publication, distribution, etc. | Oxford |
| Name of publisher, distributor, etc. | Wiley-Blackwells |
| Date of publication, distribution, etc. | 2009 |
| 505 2# - FORMATTED CONTENTS NOTE | |
| Formatted contents note | 1. Definition and Categorisation of Defects -- 2. Common Law, Statutory and Contractual Rights -- 3. Contracts: An Overview -- 4. No Contract/Restitution -- 5. Letters of Intent -- 6. Tort: An Overview 8. Third Party Rights -- 9. Statutory Requirements -- 10. The Builder's Obligations: Design, Workmanship and Materials -- 11. The Builder's Obligations: Defects Before Completion -- 12. The Builder's Obligations: Defects at Completion -- 13. The Builder's Obligations: Defects Post Completion -- 14. The Professional Team -- 15. Architects and Engineers -- 16. Project Managers, Surveyors and Others -- 17. Compensation -- 18. Termination -- 19. Limitation -- 20. Dispute Resolution |
| 520 ## - SUMMARY, ETC. | |
| Summary, etc. | Defective construction work, whether the result of inadequate design, faulty workmanship or poor materials - or some combination of these failings - is a frequent cause of legal disputes. Someone is usually to blame, either the builder or one or more of the professional consultants, or even the entire project team. It is important therefore that the project team should possess a good working knowledge of their responsibilities and liabilities. Written by a solicitor with over twenty years of experience of building disputes, this book examines the responsibilities and liabilities of the project team when defects occur. It sets out the background role of the common law and statute and includes detailed discussion of important case law affecting the construction process from inception through to completion, together with a consideration of the impact of letters of intent, 'no contract' situations, and specific provisions of model conditions of contract. |
| 590 ## - LOCAL NOTE (RLIN) | |
| Local note | ka |
| 650 24 - SUBJECT ADDED ENTRY--TOPICAL TERM | |
| Topical term or geographic name entry element | EBOOK |
| 690 ## - LOCAL SUBJECT ADDED ENTRY--TOPICAL TERM (OCLC, RLIN) | |
| Topical term or geographic name as entry element | MANAGEMENT-DISPUTE AVOIDANCE, MANAGEMENT AND RESOLUTION-DISPUTE MANAGEMENT AND RESOLUTION |
| 856 40 - ELECTRONIC LOCATION AND ACCESS | |
| Uniform Resource Identifier | <a href="https://www.vlebooks.com/">https://www.vlebooks.com/</a> |
| Public note | View on VLEbooks. Logins for members only from [email protected] |
| 942 ## - ADDED ENTRY ELEMENTS (KOHA) | |
| Suppress in OPAC | 0 |
| Withdrawn status | Lost status | Source of classification or shelving scheme | Damaged status | Not for loan | Home library | Current library | Shelving location | Date acquired | Cost, normal purchase price | Total Checkouts | Full call number | Barcode | Date last seen | Copy number | Cost, replacement price | Price effective from | Koha item type |
|---|---|---|---|---|---|---|---|---|---|---|---|---|---|---|---|---|---|
| Dewey Decimal Classification | Virtual | Virtual | Online | 23/11/2010 | 109.47 | EBOOK | 127365-2001 | 06/08/2019 | 1 | 109.47 | 06/08/2019 | Book |